טוען...
Organic chemistry
| מחבר ראשי: | |
|---|---|
| פורמט: | Printed Book |
| יצא לאור: |
Prentice-Hall of India Pvt. Ltd., New Delhi
1976
|
| מהדורה: | 3 |
| סדרה: | DMC-74
|
| נושאים: |
| LEADER | 00547nam a2200193 4500 | ||
|---|---|---|---|
| 020 | |||
| 082 | |a 547 BRE-O3 | ||
| 100 | |a Brewster, Ray Q; Mcewen, William E | ||
| 245 | |a Organic chemistry | ||
| 250 | |a 3 | ||
| 260 | |a Prentice-Hall of India Pvt. Ltd., New Delhi |c 1976 | ||
| 300 | |a 855 | ||
| 490 | |a DMC-74 | ||
| 500 | |||
| 590 | |a Priya |b 2011-03-17 10:57:05 | ||
| 650 | |a Organic chemistry | ||
| 942 | |c BK | ||
| 999 | |c 98014 |d 98014 | ||
| 952 | |0 0 |1 0 |4 0 |6 547_000000000000000_BREO3 |7 0 |9 111482 |a AQU |b AQU |l 0 |o 547 BRE-O3 |p AQU04508 |r 2019-09-25 |w 2019-09-25 |y BK | ||